|
|
|
|
| LEADER |
00000nab a2200000 a 4500 |
| 001 |
vtls010467116 |
| 003 |
SK-MaSNL |
| 005 |
20260426072838.0 |
| 008 |
131021 2012 xo 000 0 slo |
| 015 |
|
|
|a SNBRB2012/11
|
| 038 |
|
|
|a SNKBUCL
|
| 040 |
|
|
|a SNKBUCL
|b slo
|e AACR2
|
| 041 |
0 |
|
|a slo
|
| 044 |
|
|
|a xo
|c SK
|
| 080 |
|
|
|a 331.105.6
|x (437.6)
|2 2001
|
| 080 |
|
|
|a 7.071.1/.2:331.105.44
|x (437.6)
|2 2001
|
| 080 |
|
|
|a 331.105.44
|x (437.6)
|2 2001
|
| 100 |
1 |
|
|a Kaliský-Hronský, Roman,
|d 1966-
|4 aut
|9 50473
|
| 245 |
1 |
0 |
|a Umelci a odborári
|c Roman Kaliský-Hronský
|
| 500 |
|
|
|a V rubrike Sloboda prejavu Romana Kaliského-Hronského
|
| 650 |
0 |
7 |
|a umelci
|2 snkbucl
|9 2894
|
| 650 |
0 |
7 |
|a sociálny dialóg
|2 snkbucl
|9 67078
|
| 650 |
0 |
7 |
|a odbory
|2 snkbucl
|9 2328
|
| 651 |
|
7 |
|a Slovensko
|2 snkbucl
|9 14231
|
| 655 |
|
7 |
|a kritické poznámky
|2 snkbucl
|9 1039675
|
| 773 |
0 |
|
|t Slovenské pohľady
|g Roč. IV.+128., č. 1 (2012), s. 154-155
|x 1335-7786
|
| 852 |
|
|
|a SNK
|b KIS3GCP
|
| 958 |
|
|
|a SK
|
| 999 |
|
|
|c 2694413
|d 2696343
|